Statistics for First Names of Male Singers

Click here to take the quiz!

General Stats

  • This quiz has been taken 34,357 times
  • The average score is 15 of 24

Answer Stats

First NameLast Name% Correct
BrunoMars
98%
FrankSinatra
96%
DavidBowie
95%
EdSheeran
91%
BruceSpringsteen
89%
MichaelBublé
87%
MarvinGaye
85%
AdamLevine
80%
LionelRichie
75%
EnriqueIglesias
73%
JohnDenver
63%
OtisRedding
52%
ArtGarfunkel
51%
JulioIglesias
51%
PeterGabriel
51%
BobSeger
47%
LutherVandross
47%
LucianoPavarotti
43%
WillieNelson
42%
TonyBennett
41%
LeonardCohen
40%
ChrisCornell
31%
GavinRossdale
29%
RobertGoulet
24%

Score Distribution

Percentile by Number Answered

Percent of People with Each Score

Your Score History

You have not taken this quiz